000 01188cam a2200289Li 4500
001 93014
005 20230411090051.0
008 911104s1989 sp 100 0 spa d
035 _a(OCoLC)ocn496021574
040 _aZWZ
_encafnor
_bfre
_cZWZ
020 _a8486040302
020 _a9788486040307
029 0 _aZWZ
_b009001026
035 _a(OCoLC)496021574
049 _aGRAL
245 0 0 _aPresencia de España en América :
_b[actas de las] primeras jornadas : Aportaciâon gallega /
_c[org. por el Departamento de historia de América, Universidad Complutense de Madrid], Pazo de Mariñán, 28 de sept. - 3 de oct. de 1987.
260 _aMadrid :
_bDEIMOS,
_c1989.
300 _axxxii, 760 p. :
_bill. ;
_c24 cm.
650 7 _aGaliciens (Espagne)
_zAmérique latine
_xHistoire
_xCongráes.
_2ram
651 7 _aAmérique latine
_xCivilisation
_xinfluence galicienne
_xcongráes.
_2ram
651 7 _aAmérique latine
_xâEmigration et immigration
_xHistoire
_xCongráes.
_2ram
710 2 _aUniversidad complutense de Madrid.
_bDepartamento de historia de América.
_eEd.
711 2 _aCongráes
_d(1987 ;
_cPazo de Mariñán)
942 _2lcc
_cbk
994 _aC0
_bDRFGD
946 _aYM
999 _c111888
_d111888